书目信息 |
| 题名: |
商务英语
|
|
| 作者: | 韩艳芳 , 谢群 主编 | |
| 分册: | ||
| 出版信息: | 武汉 武汉大学出版社 2008.09 |
|
| 页数: | 265页 | |
| 开本: | 24cm | |
| 丛书名: | 随心所欲说英语丛书 | |
| 单 册: | ||
| 中图分类: | H319.9 | |
| 科图分类: | ||
| 主题词: | 商务--shang wu--英语--口语 | |
| 电子资源: | ||
| ISBN: | 978-7-307-06546-8 | |
| 000 | 01078nam 2200289 450 | |
| 001 | 012009638277 | |
| 005 | 20090505151127.74 | |
| 010 | @a978-7-307-06546-8@dCNY25.00 (含光盘) | |
| 016 | @aCN-F07-08-0033-0@b光盘 | |
| 100 | @a20090505d2008 em y0chi0120 ea | |
| 101 | 0 | @achi@aeng |
| 102 | @aCN@b420000 | |
| 105 | @aa z 000yy | |
| 106 | @ar | |
| 200 | 1 | @a商务英语@Ashang wu ying yu@d= Easy business English@f韩艳芳, 谢群主编@Fhan yan fang,xie qun zhu bian@zeng |
| 210 | @a武汉@c武汉大学出版社@d2008.09 | |
| 215 | @a265页@c图@d24cm@e光盘1片 | |
| 225 | 2 | @a随心所欲说英语丛书@Asui xin suo yu shuo ying yu cong shu |
| 330 | @a全书由12章组成,对商务流程的各个环节进行了简单介绍,句型、对话、词汇、背景知识简单易懂,句型时尚,易学易懂,是“随心所欲说英语”丛书中的一本。 | |
| 410 | 0 | @12001 @a随心所欲说英语丛书 |
| 510 | 1 | @aEasy business English@zeng |
| 606 | 0 | @a商务@Ashang wu@x英语@x口语 |
| 690 | @aH319.9@v4 | |
| 701 | 0 | @a韩艳芳@Ahan yan fang@4主编 |
| 701 | 0 | @a谢群@Axie qun@4主编 |
| 801 | 0 | @aCN@bQSSK@c20090505 |
| 905 | @b742439-41@dH319.9@eH101@f3 | |
| 商务英语= Easy business English/韩艳芳, 谢群主编.-武汉:武汉大学出版社,2008.09 |
| 265页:图;24cm+光盘1片.-(随心所欲说英语丛书) |
| ISBN 978-7-307-06546-8:CNY25.00 (含光盘) |
| 全书由12章组成,对商务流程的各个环节进行了简单介绍,句型、对话、词汇、背景知识简单易懂,句型时尚,易学易懂,是“随心所欲说英语”丛书中的一本。 |
| ● |
| 相关链接 |
|
|
|
正题名:商务英语
索取号:H319.9/H101
 
预约/预借
| 序号 | 登录号 | 条形码 | 馆藏地/架位号 | 状态 | 备注 |
| 1 | 742439 | 207424394 | 语言库209/209语言库 59排3列1层/ [索取号:H319.9/H101] | 在馆 | |
| 2 | 742440 | 207424401 | 语言库209/209语言库 59排3列1层/ [索取号:H319.9/H101] | 在馆 | |
| 3 | 742441 | 207424410 | 语言库209/209语言库 59排3列1层/ [索取号:H319.9/H101] | 在馆 |